[Event "FIDE Open World Blitz 2021"]
[Site "Warsaw"]
[Date "2021.12.29"]
[Round "2.4"]
[White "Grischuk, Alexander"]
[Black "Alonso Rosell, Alvar"]
[Result "1-0"]
[WhiteElo "2773"]
[BlackElo "2580"]
[Annotator "TA"]
[PlyCount "61"]
[EventDate "2021.12.29"]
[EventType "swiss"]
[EventCountry "POL"]
[Tiebreak "Cut1 Buchholz"]
[SourceTitle "playchess.com"]
[Source "ChessBase"]
[SourceQuality "1"]

1. e4 e5 2. Nf3 Nc6 3. Bb5 a6 4. Ba4 Nf6 5. O-O d6 6. Bxc6+ bxc6 7. Re1 Bg4 8.
h3 Bxf3 9. Qxf3 Be7 10. d3 O-O 11. Nd2 Nd7 12. Nc4 Nc5 13. Qg4 g6 14. Bh6 f5
15. Qe2 Rf7 16. exf5 Rxf5 17. d4 Ne6 18. dxe5 d5 19. Rad1 Bc5 20. Be3 Qf8 21.
Bxc5 Qxc5 22. Ne3 Rxe5 23. Qd2 Rf8 24. Ng4 Rxe1+ 25. Rxe1 Nf4 26. g3 Nh5 27.
Re6 Nxg3 28. b4 Qc4 29. fxg3 Qf1+ 30. Kh2 Rf7 31. Nh6+ 1-0

[Event "FIDE Open World Blitz 2021"]
[Site "Warsaw"]
[Date "2021.12.29"]
[Round "2.4"]
[White "Halkias, Stelios"]
[Black "Babazada, Khazar"]
[Result "0-1"]
[WhiteElo "2575"]
[BlackElo "2302"]
[Annotator "ChessBase"]
[PlyCount "72"]
[EventDate "2021.12.29"]
[EventType "swiss"]
[EventCountry "POL"]
[Tiebreak "Cut1 Buchholz"]
[SourceTitle "playchess.com"]
[Source "ChessBase"]
[SourceQuality "1"]

1. Nf3 Nf6 2. c4 g6 3. Nc3 Bg7 4. e4 d6 5. d4 O-O 6. Be2 Nbd7 7. O-O e5 8. Be3
c6 9. Qc2 Qe7 10. Rfe1 Re8 11. d5 c5 12. Nd2 Rf8 13. Kh1 h5 14. h3 Nh7 15. Nf1
f5 16. exf5 gxf5 17. f4 h4 18. Nb5 exf4 19. Bxf4 Ne5 20. Bd3 a6 21. Nc3 Bd7 22.
Ne3 Qf6 23. Rf1 Rae8 24. Rae1 Re7 25. Bxe5 Qxe5 26. Nxf5 Qxe1 27. Nxe7+ Qxe7
28. Bxh7+ Kh8 29. Rxf8+ Qxf8 30. Bd3 Qf4 31. Qd1 Be5 32. Qg1 Kg7 33. Nd1 Qg3
34. Ne3 Bd4 35. Nf1 Qxd3 36. Qh2 Qxf1+ 0-1

[Event "FIDE Open World Blitz 2021"]
[Site "Warsaw"]
[Date "2021.12.29"]
[Round "2.5"]
[White "Oparin, Grigoriy"]
[Black "Mamedyarov, Shakhriyar"]
[Result "1/2-1/2"]
[WhiteElo "2580"]
[BlackElo "2765"]
[Annotator "TA"]
[PlyCount "65"]
[EventDate "2021.12.29"]
[EventType "swiss"]
[EventCountry "POL"]
[Tiebreak "Cut1 Buchholz"]
[SourceTitle "playchess.com"]
[Source "ChessBase"]
[SourceQuality "1"]

1. Nf3 d5 2. g3 g6 3. Bg2 Bg7 4. O-O Nf6 5. c4 c6 6. b3 O-O 7. Bb2 a5 8. Nc3
Na6 9. d4 Bf5 10. Ne5 Ne4 11. e3 Nxc3 12. Bxc3 Bxe5 13. dxe5 dxc4 14. bxc4 Qxd1
15. Rfxd1 Nc5 16. Bd4 Na4 17. c5 Rfd8 18. Rdc1 Rxd4 19. exd4 Rd8 20. Rc4 Nb2
21. Rc3 a4 22. h3 Rxd4 23. g4 Be6 24. Rc2 Nc4 25. Rc3 Kf8 26. Rb1 Nxe5 27. Rxb7
Bxa2 28. Ra7 Bb3 29. Ra6 Rd1+ 30. Kh2 Rd2 31. Kg1 Rd1+ 32. Kh2 Rd2 33. Kg1
1/2-1/2

[Event "FIDE Open World Blitz 2021"]
[Site "Warsaw"]
[Date "2021.12.29"]
[Round "2.5"]
[White "Bellahcene, Bilel"]
[Black "Firouzja, Alireza"]
[Result "1/2-1/2"]
[WhiteElo "2528"]
[BlackElo "2770"]
[Annotator "TA"]
[PlyCount "71"]
[EventDate "2021.12.29"]
[EventType "swiss"]
[EventCountry "POL"]
[Tiebreak "Cut1 Buchholz"]
[SourceTitle "playchess.com"]
[Source "ChessBase"]
[SourceQuality "1"]

1. e4 c5 2. Nf3 e6 3. d4 cxd4 4. Nxd4 a6 5. c4 Nf6 6. Nc3 Qc7 7. Be2 Be7 8. f4
d6 9. Be3 b6 10. Rc1 O-O 11. O-O Bb7 12. Bf3 Nbd7 13. g4 Ne8 14. g5 Qd8 15. h4
Rc8 16. Qe2 Nc7 17. Qg2 Kh8 18. b3 Qe8 19. h5 f6 20. g6 h6 21. f5 Ne5 22. fxe6
f5 23. Nd5 Nxf3+ 24. Qxf3 fxe4 25. Qxe4 Nxd5 26. cxd5 Bf6 27. Nf5 Rxc1 28. Rxc1
Qb5 29. e7 Re8 30. Nxd6 Qe2 31. Nxe8 Bg5 32. Rc3 Qe1+ 33. Kg2 Qe2+ 34. Kg1 Qe1+
35. Kg2 Qe2+ 36. Kg1 1/2-1/2

[Event "FIDE Open World Blitz 2021"]
[Site "Warsaw"]
[Date "2021.12.29"]
[Round "2.6"]
[White "Aronian, Levon"]
[Black "Mikhalevski, Victor"]
[Result "1-0"]
[WhiteElo "2782"]
[BlackElo "2577"]
[Annotator "TA"]
[PlyCount "54"]
[EventDate "2021.12.29"]
[EventType "swiss"]
[EventCountry "POL"]
[Tiebreak "Cut1 Buchholz"]
[SourceTitle "playchess.com"]
[Source "ChessBase"]
[SourceQuality "1"]

1. e4 e5 2. Nf3 Nc6 3. Bc4 Bc5 4. d3 Nf6 5. Nc3 d6 6. Na4 Bb6 7. a3 Ne7 8. O-O
Ng6 9. h3 O-O 10. b4 h6 11. Re1 Re8 12. Bb3 Nh5 13. Nxb6 axb6 14. Ng5 hxg5 15.
Qxh5 Be6 16. Bxe6 Rxe6 17. Bxg5 Qd7 18. c4 b5 19. Qg4 bxc4 20. dxc4 Qc6 21. h4
Nf8 22. h5 Nh7 23. Re3 Qxc4 24. Rg3 g6 25. Rc1 Qb5 26. Rxc7 Qe8 27. Rf3 gxh5
1-0

[Event "FIDE Open World Blitz 2021"]
[Site "Warsaw"]
[Date "2021.12.29"]
[Round "2.6"]
[White "Costachi, Mihnea"]
[Black "Dubov, Daniil"]
[Result "0-1"]
[WhiteElo "2463"]
[BlackElo "2714"]
[Annotator "ChessBase"]
[PlyCount "116"]
[EventDate "2021.12.29"]
[EventType "swiss"]
[EventCountry "POL"]
[Tiebreak "Cut1 Buchholz"]
[SourceTitle "playchess.com"]
[Source "ChessBase"]
[SourceQuality "1"]

1. d4 d5 2. c4 c6 3. cxd5 cxd5 4. Bf4 e6 5. Nc3 Bd6 6. Bg3 Ne7 7. e3 Nf5 8. Bd3
Nxg3 9. hxg3 Nc6 10. Nge2 Bd7 11. Rc1 g6 12. Nf4 Qb6 13. Qe2 O-O-O 14. Nb5 Bb4+
15. Kf1 Kb8 16. a3 Be7 17. b4 Rc8 18. Nc3 Nxb4 19. axb4 Bxb4 20. Na2 Rxc1+ 21.
Nxc1 g5 22. Nh3 Rc8 23. Na2 e5 24. dxe5 d4 25. Kg1 dxe3 26. fxe3 Bc5 27. Kf2
Re8 28. Rb1 Qc7 29. Be4 Bc8 30. Nc3 Rxe5 31. Kf1 Bb6 32. Nd5 Qc5 33. Nxb6 axb6
34. Nf2 Re7 35. Qc2 Qxe3 36. Re1 Qxg3 37. Qd3 Qxd3+ 38. Bxd3 Rxe1+ 39. Kxe1 f5
40. Ke2 Kc7 41. Ke3 Kd6 42. Kd4 Bd7 43. Nd1 b5 44. Ne3 f4 45. Nc2 h5 46. Be2 g4
47. Ke4 Bc6+ 48. Kxf4 Bxg2 49. Bxb5 Kc5 50. Be2 b5 51. Kg5 Bf3 52. Bf1 g3 53.
Ne3 b4 54. Kf4 Bc6 55. Kxg3 b3 56. Bd3 Kd4 57. Bc4 b2 58. Ba2 Kxe3 0-1

[Event "FIDE Open World Blitz 2021"]
[Site "Warsaw"]
[Date "2021.12.29"]
[Round "2.7"]
[White "Martirosyan, Haik M."]
[Black "Ivic, Velimir"]
[Result "1-0"]
[WhiteElo "2624"]
[BlackElo "2575"]
[Annotator "ChessBase"]
[PlyCount "97"]
[EventDate "2021.12.29"]
[EventType "swiss"]
[EventCountry "POL"]
[Tiebreak "Cut1 Buchholz"]
[SourceTitle "playchess.com"]
[Source "ChessBase"]
[SourceQuality "1"]

1. d4 d5 2. c4 e6 3. Nf3 Nf6 4. Nc3 dxc4 5. e4 b5 6. e5 Nd5 7. Nxb5 Nb6 8. Be2
Nc6 9. Be3 Be7 10. a3 Bb7 11. Qc2 Qd7 12. Nc3 Na5 13. Rd1 f5 14. exf6 gxf6 15.
O-O O-O-O 16. Nd2 Rhg8 17. Bf3 Bxf3 18. Nxf3 Qc6 19. Qe2 Nd5 20. g3 Bd6 21. Bd2
Rde8 22. Rc1 Nb3 23. Rc2 Nb6 24. Ne4 Rg6 25. a4 a5 26. Bc3 h5 27. Nh4 Rg4 28.
Nxf6 Rxh4 29. Nxe8 Qxe8 30. gxh4 Qg6+ 31. Kh1 Qf5 32. f3 Nd5 33. Qe4 Qh3 34.
Rg1 Nf4 35. Be1 Nd5 36. f4 Kb7 37. Bg3 c6 38. Rxc4 Nd2 39. Qh7+ Bc7 40. Rc2 Nf3
41. Qd7 Nb4 42. f5 e5 43. Rxc6 Nxc6 44. d5 Nfd4 45. dxc6+ Kb6 46. Qd5 Qxf5 47.
Rc1 Qd3 48. Qc5+ Ka6 49. Qc4+ 1-0

[Event "FIDE Open World Blitz 2021"]
[Site "Warsaw"]
[Date "2021.12.29"]
[Round "2.7"]
[White "Ghaem Maghami, Ehsan"]
[Black "Moroni, Luca Jr"]
[Result "0-1"]
[WhiteElo "2520"]
[BlackElo "2580"]
[Annotator "ChessBase"]
[PlyCount "48"]
[EventDate "2021.12.29"]
[EventType "swiss"]
[EventCountry "POL"]
[Tiebreak "Cut1 Buchholz"]
[SourceTitle "playchess.com"]
[Source "ChessBase"]
[SourceQuality "1"]

1. c4 g6 2. d4 Bg7 3. g3 d6 4. Bg2 Nc6 5. e3 e5 6. Ne2 h5 7. d5 Nce7 8. h4 f5
9. Nbc3 Nf6 10. b3 O-O 11. Bb2 Bd7 12. Qd2 a6 13. a4 c5 14. dxc6 Bxc6 15. Nd5
Nexd5 16. cxd5 Bd7 17. Qb4 Qb8 18. Ba3 Ne8 19. O-O a5 20. Qd2 Nf6 21. Nc3 Rc8
22. Rfc1 e4 23. Rab1 Ng4 24. Ne2 Ne5 0-1

[Event "FIDE Open World Blitz 2021"]
[Site "Warsaw"]
[Date "2021.12.29"]
[Round "2.8"]
[White "Heimann, Andreas"]
[Black "Dziuba, Marcin"]
[Result "0-1"]
[WhiteElo "2584"]
[BlackElo "2568"]
[Annotator "ChessBase"]
[PlyCount "42"]
[EventDate "2021.12.29"]
[EventType "swiss"]
[EventCountry "POL"]
[Tiebreak "Cut1 Buchholz"]
[SourceTitle "playchess.com"]
[Source "ChessBase"]
[SourceQuality "1"]

1. e4 c6 2. Nc3 d5 3. Nf3 Bg4 4. h3 Bxf3 5. Qxf3 e6 6. d4 dxe4 7. Qxe4 Nf6 8.
Qd3 Nbd7 9. Be2 g6 10. O-O Bg7 11. Bf4 O-O 12. Rfe1 Re8 13. Bf1 Nd5 14. Bg3 Qb6
15. Nxd5 exd5 16. c3 Rxe1 17. Rxe1 Qxb2 18. Rb1 Qxa2 19. Rxb7 Nf6 20. Be5 Ne4
21. Bf4 Qxf2+ 0-1

[Event "FIDE Open World Blitz 2021"]
[Site "Warsaw"]
[Date "2021.12.29"]
[Round "2.8"]
[White "Mastrovasilis, Dimitrios"]
[Black "Nihal Sarin"]
[Result "1/2-1/2"]
[WhiteElo "2577"]
[BlackElo "2650"]
[Annotator "ChessBase"]
[PlyCount "58"]
[EventDate "2021.12.29"]
[EventType "swiss"]
[EventCountry "POL"]
[Tiebreak "Cut1 Buchholz"]
[SourceTitle "playchess.com"]
[Source "ChessBase"]
[SourceQuality "1"]

1. e4 e5 2. Nf3 Nc6 3. Nc3 Nf6 4. d4 exd4 5. Nxd4 Bb4 6. Nxc6 bxc6 7. Bd3 d5 8.
exd5 O-O 9. O-O Bg4 10. f3 Bh5 11. Bg5 Bxc3 12. bxc3 cxd5 13. Qd2 Bg6 14. Rab1
c6 15. Qf4 Nh5 16. Qh4 Nf6 17. Rb7 Re8 18. Bxf6 Qxf6 19. Qxf6 gxf6 20. Kf2 c5
21. Re1 Reb8 22. Ree7 Rxb7 23. Rxb7 d4 24. cxd4 Bxd3 25. cxd3 cxd4 26. Kg3 Rc8
27. Rd7 Rc3 28. Rxa7 Rxd3 29. Rd7 Ra3 1/2-1/2

[Event "FIDE Open World Blitz 2021"]
[Site "Warsaw"]
[Date "2021.12.29"]
[Round "2.9"]
[White "Shevchenko, Kirill"]
[Black "Muradli, Mahammad"]
[Result "1-0"]
[WhiteElo "2647"]
[BlackElo "2571"]
[Annotator "ChessBase"]
[PlyCount "77"]
[EventDate "2021.12.29"]
[EventType "swiss"]
[EventCountry "POL"]
[Tiebreak "Cut1 Buchholz"]
[SourceTitle "playchess.com"]
[Source "ChessBase"]
[SourceQuality "1"]

1. e4 c5 2. Nc3 d6 3. f4 g6 4. Nf3 Bg7 5. Bb5+ Bd7 6. Bc4 Nc6 7. d3 e6 8. f5
gxf5 9. exf5 d5 10. Bb5 Nge7 11. Bg5 Bxc3+ 12. bxc3 Qa5 13. Bxc6 Nxc6 14. O-O
Rg8 15. Qd2 exf5 16. Qf4 Be6 17. Rab1 b6 18. Qd6 Rc8 19. Rbe1 Rg6 20. Ne5 Rxg5
21. Nxc6 Rxc6 22. Qxc6+ Kf8 23. Qc7 Rg6 24. Qe5 Kg8 25. h4 h5 26. Rf3 Qxa2 27.
Rg3 Rxg3 28. Qxg3+ Kf8 29. Qd6+ Kg7 30. Re3 f4 31. Qxf4 Qxc2 32. Rg3+ Bg4 33.
Qe5+ Kf8 34. Re3 Be6 35. Kh2 Qf2 36. Qd6+ Kg7 37. Rg3+ Bg4 38. Qxd5 Qf6 39.
Qxh5 1-0

[Event "FIDE Open World Blitz 2021"]
[Site "Warsaw"]
[Date "2021.12.29"]
[Round "2.9"]
[White "Zilka, Stepan"]
[Black "Jobava, Baadur"]
[Result "1/2-1/2"]
[WhiteElo "2593"]
[BlackElo "2582"]
[Annotator "ChessBase"]
[PlyCount "84"]
[EventDate "2021.12.29"]
[EventType "swiss"]
[EventCountry "POL"]
[Tiebreak "Cut1 Buchholz"]
[SourceTitle "playchess.com"]
[Source "ChessBase"]
[SourceQuality "1"]

1. d4 d5 2. c4 dxc4 3. Nf3 Nf6 4. e3 Bg4 5. Bxc4 e6 6. Nc3 Nc6 7. h3 Bh5 8. Bb5
Bb4 9. g4 Bg6 10. Ne5 O-O 11. Bxc6 bxc6 12. Bd2 c5 13. Nxg6 hxg6 14. dxc5 Bxc5
15. Qc2 Rb8 16. O-O-O Qe7 17. Kb1 Bb4 18. Ka1 a5 19. f3 Rfd8 20. Bc1 Qc5 21. h4
Nd5 22. h5 g5 23. Bd2 Nxe3 24. Bxe3 Qxe3 25. Qe4 Rxd1+ 26. Rxd1 Qf2 27. Qe2
Qxe2 28. Nxe2 Kf8 29. Ng3 Bd6 30. Ne4 Be5 31. Rd2 Ke7 32. Nxg5 Bf4 33. Rc2 Bxg5
34. Rxc7+ Kf6 35. Rc5 Rd8 36. a4 Rd5 37. Rc4 Bd2 38. Ka2 Bb4 39. f4 Rc5 40. Rd4
Ke7 41. g5 Rc2 42. Rd3 Rh2 1/2-1/2

[Event "FIDE Open World Blitz 2021"]
[Site "Warsaw"]
[Date "2021.12.29"]
[Round "2.10"]
[White "Niemann, Hans Moke"]
[Black "Kozak, Adam"]
[Result "1-0"]
[WhiteElo "2635"]
[BlackElo "2532"]
[Annotator "ChessBase"]
[PlyCount "93"]
[EventDate "2021.12.29"]
[EventType "swiss"]
[EventCountry "POL"]
[Tiebreak "Cut1 Buchholz"]
[SourceTitle "playchess.com"]
[Source "ChessBase"]
[SourceQuality "1"]

1. d4 Nf6 2. Nc3 d5 3. Bf4 a6 4. e3 Bf5 5. f3 h5 6. Bd3 e6 7. e4 Bg6 8. Nge2 b5
9. exd5 Bxd3 10. Qxd3 b4 11. Ne4 Nxd5 12. Bg5 Be7 13. h4 Nd7 14. O-O-O N7f6 15.
N2g3 Qd7 16. Rhe1 Qb5 17. Kb1 Qxd3 18. Rxd3 Bd6 19. Ne2 a5 20. c4 bxc3 21. bxc3
Nd7 22. c4 Nb4 23. Rb3 a4 24. Nxd6+ cxd6 25. Rxb4 f6 26. Be3 Ke7 27. Nf4 Rhb8
28. Bd2 e5 29. Nd5+ Kf7 30. Kc2 Rxb4 31. Bxb4 Rc8 32. Kd3 Ke6 33. a3 g6 34. f4
Rc6 35. Nc3 Kf5 36. fxe5 fxe5 37. Nb5 Kg4 38. Nxd6 exd4 39. Kxd4 Kg3 40. Re6
Kxg2 41. Rxg6+ Kh3 42. Rg7 Nf6 43. c5 Kxh4 44. Ke5 Ng4+ 45. Kd5 Ra6 46. c6 Ne3+
47. Kc5 1-0

[Event "FIDE Open World Blitz 2021"]
[Site "Warsaw"]
[Date "2021.12.29"]
[Round "2.10"]
[White "Harsha, Bharathakoti"]
[Black "Fedoseev, Vladimir"]
[Result "0-1"]
[WhiteElo "2576"]
[BlackElo "2704"]
[Annotator "ChessBase"]
[PlyCount "64"]
[EventDate "2021.12.29"]
[EventType "swiss"]
[EventCountry "POL"]
[Tiebreak "Cut1 Buchholz"]
[SourceTitle "playchess.com"]
[Source "ChessBase"]
[SourceQuality "1"]

1. e4 c6 2. d4 d5 3. e5 c5 4. dxc5 e6 5. a3 Bxc5 6. Qg4 Ne7 7. Nf3 Qb6 8. Bd3
Bxf2+ 9. Ke2 Nbc6 10. Rf1 Bd4 11. c3 Bxe5 12. Nxe5 Nxe5 13. Qxg7 Nxd3 14. Qxf7+
Kd7 15. Kxd3 Rg8 16. g3 Qd6 17. Re1 e5 18. Nd2 b6 19. Kc2 Ba6 20. Nf3 Raf8 21.
Qh5 e4 22. Ne5+ Kc8 23. Bf4 Qe6 24. Rad1 Rf5 25. Qxh7 Rxe5 26. Bxe5 Qxe5 27.
Kb1 Rh8 28. Qf7 Bb5 29. h4 Be8 30. Qf2 Bh5 31. Rd4 Nf5 32. Rd2 e3 0-1

[Event "FIDE Open World Blitz 2021"]
[Site "Warsaw"]
[Date "2021.12.29"]
[Round "2.11"]
[White "Abdusattorov, Nodirbek"]
[Black "Van Foreest, Jorden"]
[Result "1-0"]
[WhiteElo "2646"]
[BlackElo "2566"]
[Annotator "ChessBase"]
[PlyCount "78"]
[EventDate "2021.12.29"]
[EventType "swiss"]
[EventCountry "POL"]
[Tiebreak "Cut1 Buchholz"]
[SourceTitle "playchess.com"]
[Source "ChessBase"]
[SourceQuality "1"]

1. c4 e6 2. Nc3 d5 3. d4 Nf6 4. cxd5 exd5 5. Bg5 c6 6. e3 h6 7. Bh4 Be7 8. Bd3
O-O 9. Nge2 Ne4 10. Bxe7 Qxe7 11. Bxe4 dxe4 12. Qc2 Bf5 13. O-O Nd7 14. d5 Rad8
15. dxc6 bxc6 16. Nd4 Qf6 17. Nxf5 Qxf5 18. Qxe4 Qxe4 19. Nxe4 Rfe8 20. Nd6 Re6
21. Rfd1 Ne5 22. Nb7 Rb8 23. Nc5 Rg6 24. b3 Nf3+ 25. Kh1 Nh4 26. g3 Nf3 27. Kg2
Nh4+ 28. Kf1 Nf3 29. h4 Re8 30. Ke2 Ne5 31. Rd4 h5 32. Re4 f5 33. Rd4 Ng4 34.
Nd3 Rf6 35. Rc1 Re4 36. Rxe4 fxe4 37. Nf4 Ne5 38. Rc5 Nd3 39. Rc4 c5 1-0

[Event "FIDE Open World Blitz 2021"]
[Site "Warsaw"]
[Date "2021.12.29"]
[Round "2.11"]
[White "Blohberger, Felix"]
[Black "Sargissian, Gabriel"]
[Result "1-0"]
[WhiteElo "2490"]
[BlackElo "2664"]
[Annotator "ChessBase"]
[PlyCount "185"]
[EventDate "2021.12.29"]
[EventType "swiss"]
[EventCountry "POL"]
[Tiebreak "Cut1 Buchholz"]
[SourceTitle "playchess.com"]
[Source "ChessBase"]
[SourceQuality "1"]

1. d4 Nf6 2. Nf3 d5 3. Bf4 c5 4. e3 Nc6 5. Nbd2 Bg4 6. c3 e6 7. Qa4 Nd7 8. Ne5
Ndxe5 9. Bxe5 Qd7 10. Bg3 Bf5 11. Be2 Be7 12. O-O O-O 13. dxc5 Bxc5 14. e4 Bg6
15. Rad1 Rfd8 16. Nb3 Bb6 17. exd5 exd5 18. Bg4 Qe7 19. Rfe1 Qf8 20. Bf3 d4 21.
Nxd4 Nxd4 22. cxd4 Rac8 23. Rd2 Re8 24. Rxe8 Rxe8 25. h3 Rd8 26. Kh2 Qe7 27. d5
Bc7 28. d6 Bxd6 29. Bxd6 Rxd6 30. Re2 Re6 31. Rxe6 Qxe6 32. Qxa7 h5 33. Qb8+
Kh7 34. a3 b6 35. Qf4 Qb3 36. Qd4 Qb5 37. h4 Qb3 38. Be4 Qe6 39. Bxg6+ fxg6 40.
g3 b5 41. Kg2 Qc6+ 42. Kg1 Qc1+ 43. Kh2 Qc2 44. Kg1 Qc1+ 45. Kg2 Qc6+ 46. Kh2
Qc2 47. Kg2 Qc6+ 48. Kf1 Qc2 49. Qc3 Qe4 50. Qb4 Qd3+ 51. Kg2 Qd5+ 52. Kh2 Qf3
53. Qd4 Qb3 54. Kg2 Qc2 55. Qb4 Qc6+ 56. Kh2 Qf3 57. Qd2 Qe4 58. b3 Qb1 59. Qe3
Qa2 60. b4 Qc2 61. Kg2 Qc6+ 62. Qf3 Qc4 63. Qe3 Qc6+ 64. Kh2 Qc2 65. Qc5 Qd3
66. Qa7 Qe2 67. Qc5 Qd3 68. Kg2 Qe4+ 69. Kg1 Qe1+ 70. Kh2 Qe2 71. Qe3 Qc2 72.
Kg2 Qd1 73. Qf3 Qd4 74. Qe2 Qd5+ 75. Kh2 Qc6 76. Qa2 Qf3 77. Qb2 Qd3 78. Kg1
Qd1+ 79. Kg2 Qd3 80. Qa2 Qd1 81. Kh2 Qf3 82. Qb2 Qd1 83. Qe5 Qd3 84. Kg2 Qc4
85. Qc5 Qe2 86. Qd4 Qc2 87. Qd5 Qe2 88. Qc6 Qd3 89. a4 bxa4 90. Qxa4 Qe4+ 91.
Kh2 Qd4 92. Kg1 Qd1+ 93. Qxd1 1-0

[Event "FIDE Open World Blitz 2021"]
[Site "Warsaw"]
[Date "2021.12.29"]
[Round "2.12"]
[White "Paravyan, David"]
[Black "Sadzikowski, Daniel"]
[Result "1-0"]
[WhiteElo "2642"]
[BlackElo "2415"]
[Annotator "ChessBase"]
[PlyCount "120"]
[EventDate "2021.12.29"]
[EventType "swiss"]
[EventCountry "POL"]
[Tiebreak "Cut1 Buchholz"]
[SourceTitle "playchess.com"]
[Source "ChessBase"]
[SourceQuality "1"]

1. e4 c5 2. Nf3 d6 3. d4 cxd4 4. Nxd4 Nf6 5. Nc3 a6 6. Bg5 e6 7. Qd2 h6 8. Bxf6
Qxf6 9. O-O-O Nc6 10. Nxc6 bxc6 11. f4 Qd8 12. Bc4 Be7 13. Kb1 Rb8 14. Bb3 O-O
15. h4 d5 16. g4 Bb4 17. Qe3 Qb6 18. Qf3 Qa5 19. g5 h5 20. Ka1 Bxc3 21. Qxc3
Qxc3 22. bxc3 a5 23. Rhe1 Ba6 24. f5 exf5 25. exf5 Rfe8 26. Rxe8+ Rxe8 27. Ba4
Bb7 28. Rb1 Re7 29. g6 fxg6 30. fxg6 Kf8 31. Kb2 Rc7 32. Re1 Re7 33. Rf1+ Ke8
34. Ka3 Kd7 35. Rf5 Kd6 36. Rxh5 Re6 37. Rg5 Re3 38. Kb3 Bc8 39. h5 Rh3 40. Kb2
Rh4 41. c4 dxc4 42. Rxa5 Be6 43. Ra7 Rxh5 44. Rxg7 Rg5 45. Kc3 Bf5 46. Kxc4
Rg4+ 47. Kb3 Bxg6 48. Ka3 Rg3+ 49. Bb3 Rg4 50. Kb2 Bf5 51. Rf7 Bd7 52. a4 Rg5
53. Ka3 Bc8 54. Ra7 Rg3 55. Kb4 Rg4+ 56. Kc3 Kc5 57. Rc7 Bf5 58. Re7 Rg3+ 59.
Kb2 Kb6 60. a5+ Ka6 1-0

[Event "FIDE Open World Blitz 2021"]
[Site "Warsaw"]
[Date "2021.12.29"]
[Round "2.12"]
[White "Socko, Bartosz"]
[Black "Mamedov, Rauf"]
[Result "1-0"]
[WhiteElo "2571"]
[BlackElo "2673"]
[Annotator "ChessBase"]
[PlyCount "151"]
[EventDate "2021.12.29"]
[EventType "swiss"]
[EventCountry "POL"]
[Tiebreak "Cut1 Buchholz"]
[SourceTitle "playchess.com"]
[Source "ChessBase"]
[SourceQuality "1"]

1. d4 Nf6 2. c4 g6 3. Nc3 Bg7 4. e4 d6 5. Nf3 O-O 6. Be2 e5 7. Be3 c6 8. d5 Na6
9. O-O Nh5 10. g3 Nf6 11. Nd2 h5 12. Qc2 Ng4 13. Bxg4 hxg4 14. f4 gxf3 15. Nxf3
Bg4 16. Rf2 cxd5 17. Nxd5 Nc7 18. Bg5 f6 19. Be3 Nxd5 20. cxd5 Qa5 21. Nh4 Kh7
22. Qb3 Qa6 23. Rc1 Rac8 24. Rfc2 Rxc2 25. Rxc2 Bd1 26. Qc4 Bxc2 27. Qxc2 Rc8
28. Qxc8 Qd3 29. Ng2 Qxe4 30. Qh3+ Kg8 31. Qe6+ Kh7 32. Qxd6 Qb1+ 33. Kf2 Qc2+
34. Kf1 Qd3+ 35. Ke1 Qb1+ 36. Ke2 Qxb2+ 37. Bd2 Qb5+ 38. Kf2 Qd3 39. Qb4 Qxd5
40. a4 Bf8 41. Qh4+ Kg8 42. Be3 Qa2+ 43. Kf1 Qb1+ 44. Ne1 Bb4 45. Bf2 Kg7 46.
Qc4 a5 47. Qd3 Qa2 48. Qd7+ Kh6 49. Qb5 e4 50. Be3+ g5 51. h4 Qh2 52. hxg5+ Kg6
53. Ng2 Qh1+ 54. Bg1 fxg5 55. Qb6+ Kh5 56. Qd4 Kg6 57. Qb6+ Kg7 58. Qxb7+ Kf6
59. Qc6+ Ke5 60. Qe8+ Kd5 61. Qg8+ Kd6 62. Qxg5 Qh7 63. Qf6+ Kd7 64. Nf4 Qg8
65. Qd4+ Kc8 66. Qxe4 Qxg3 67. Qc6+ Kb8 68. Qb6+ Kc8 69. Qe6+ Kb8 70. Qe5+ Kb7
71. Bf2 Qa3 72. Qb5+ Kc8 73. Qc4+ Kd7 74. Qe6+ Kc7 75. Nd5+ Kb7 76. Qd7+ 1-0

[Event "FIDE Open World Blitz 2021"]
[Site "Warsaw"]
[Date "2021.12.29"]
[Round "2.13"]
[White "Narayanan.S.L"]
[Black "Sarana, Alexey"]
[Result "0-1"]
[WhiteElo "2570"]
[BlackElo "2656"]
[Annotator "ChessBase"]
[PlyCount "104"]
[EventDate "2021.12.29"]
[EventType "swiss"]
[EventCountry "POL"]
[Tiebreak "Cut1 Buchholz"]
[SourceTitle "playchess.com"]
[Source "ChessBase"]
[SourceQuality "1"]

1. e4 c5 2. Ne2 d6 3. g3 d5 4. Bg2 d4 5. d3 Nc6 6. O-O g6 7. f4 Bg7 8. Nd2 Nf6
9. Nf3 Ng4 10. c3 e5 11. h3 Ne3 12. Bxe3 dxe3 13. fxe5 Nxe5 14. Nxe5 Bxe5 15.
d4 cxd4 16. cxd4 Bg7 17. Qb3 O-O 18. Qxe3 Bd7 19. Rfd1 Qb6 20. Rd2 Rfe8 21. Nc3
Rad8 22. Qf2 Qa5 23. Rf1 Rf8 24. a3 b5 25. Nd5 Kh8 26. Nf6 Bc8 27. Rfd1 b4 28.
axb4 Qxb4 29. Qf4 Qb6 30. e5 Be6 31. Kh2 Bb3 32. Rf1 a5 33. d5 a4 34. Rd4 Bc2
35. Rf2 g5 36. Qd2 Bg6 37. Rxa4 h6 38. Ra3 Qc7 39. Re3 Rb8 40. d6 Qa7 41. Rfe2
Rfd8 42. h4 gxh4 43. gxh4 Qc5 44. h5 Bf5 45. Rg3 Rb4 46. Rf2 Rh4+ 47. Bh3 Bxh3
48. Rxh3 Qxe5+ 49. Kg2 Rxh3 50. Kxh3 Rxd6 51. Qc2 Bxf6 52. Rf5 Qe3+ 0-1

[Event "FIDE Open World Blitz 2021"]
[Site "Warsaw"]
[Date "2021.12.29"]
[Round "2.13"]
[White "Peng, Li Min"]
[Black "Tari, Aryan"]
[Result "1-0"]
[WhiteElo "2412"]
[BlackElo "2649"]
[Annotator "ChessBase"]
[PlyCount "85"]
[EventDate "2021.12.29"]
[EventType "swiss"]
[EventCountry "POL"]
[Tiebreak "Cut1 Buchholz"]
[SourceTitle "playchess.com"]
[Source "ChessBase"]
[SourceQuality "1"]

1. Nf3 d5 2. c4 d4 3. b4 Bg4 4. Qb3 Bxf3 5. Qxf3 c6 6. d3 e5 7. a3 Nf6 8. Bg5
Nbd7 9. Nd2 Be7 10. g3 O-O 11. Bh3 a5 12. b5 cxb5 13. cxb5 Nc5 14. Bxf6 Bxf6
15. O-O a4 16. Rab1 Be7 17. b6 Kh8 18. Rfc1 Ra6 19. Rb5 e4 20. dxe4 Ne6 21. Nc4
Ng5 22. Qg2 d3 23. Rd5 Qe8 24. Bd7 Qb8 25. Rxd3 Ne6 26. Bxe6 fxe6 27. Rd7 Bc5
28. e3 Qc8 29. Ne5 Rxb6 30. Qh3 Kg8 31. Qg4 g6 32. Qh4 Be7 33. Rxc8 Bxh4 34.
Rxf8+ Kxf8 35. gxh4 Rb3 36. Rxh7 b5 37. Rb7 b4 38. axb4 a3 39. Ra7 Ke8 40. Kg2
Kd8 41. Nxg6 Kc8 42. h5 Kb8 43. Ra4 1-0

[Event "FIDE Open World Blitz 2021"]
[Site "Warsaw"]
[Date "2021.12.29"]
[Round "2.14"]
[White "Howell, David W L"]
[Black "Dragnev, Valentin"]
[Result "1-0"]
[WhiteElo "2648"]
[BlackElo "2396"]
[Annotator "ChessBase"]
[PlyCount "97"]
[EventDate "2021.12.29"]
[EventType "swiss"]
[EventCountry "POL"]
[Tiebreak "Cut1 Buchholz"]
[SourceTitle "playchess.com"]
[Source "ChessBase"]
[SourceQuality "1"]

1. Nf3 Nf6 2. c4 c5 3. Nc3 d5 4. cxd5 Nxd5 5. e3 e6 6. d4 cxd4 7. exd4 Nxc3 8.
bxc3 Qc7 9. Rb1 Nd7 10. Bd3 b6 11. O-O Bb7 12. c4 Bd6 13. h3 O-O 14. Bb2 Rad8
15. Re1 Rfe8 16. Qe2 h6 17. Rbc1 Qb8 18. Be4 Nf6 19. Bxb7 Qxb7 20. a4 Rc8 21.
Qd3 Nd7 22. Qb3 Rc7 23. Rc2 Rec8 24. Nd2 Bf8 25. Bc3 Nb8 26. a5 Nc6 27. axb6
axb6 28. Rb1 Rd7 29. Nf3 Rb8 30. Rcb2 Qc7 31. Qb5 Na7 32. Qa6 Nc8 33. c5 Rd5
34. Bd2 b5 35. Rxb5 Rxb5 36. Rxb5 Ne7 37. Rb7 Qc6 38. Rb6 Qc8 39. Qxc8 Nxc8 40.
Rb8 Ne7 41. Ra8 Nc6 42. Bc3 f6 43. Rc8 Ne7 44. Ra8 Nc6 45. Ra6 Nd8 46. c6 Bd6
47. Ba5 Nxc6 48. Rxc6 Rxa5 49. Rxd6 1-0